| 000 -LEADER |
| fixed length control field |
00699nam a22002417a 4500 |
| 001 - CONTROL NUMBER |
| control field |
19786 |
| 003 - CONTROL NUMBER IDENTIFIER |
| control field |
BD-DhUAP |
| 005 - DATE AND TIME OF LATEST TRANSACTION |
| control field |
20210111150422.0 |
| 008 - FIXED-LENGTH DATA ELEMENTS--GENERAL INFORMATION |
| fixed length control field |
210111r20062015ii ||||| |||| 001 0 eng d |
| 020 ## - INTERNATIONAL STANDARD BOOK NUMBER |
| International Standard Book Number |
9780070682603 |
| 020 ## - INTERNATIONAL STANDARD BOOK NUMBER |
| International Standard Book Number |
0070682607 |
| 040 ## - CATALOGING SOURCE |
| Original cataloging agency |
BD-DhUAP |
| Language of cataloging |
Eng |
| Transcribing agency |
BD-DhUAP |
| Modifying agency |
BD-DhUAP |
| 082 ## - DEWEY DECIMAL CLASSIFICATION NUMBER |
| Edition number |
23 |
| Classification number |
658.802 CRA |
| 100 ## - MAIN ENTRY--PERSONAL NAME |
| Personal name |
Cravens, David W. |
| 245 ## - TITLE STATEMENT |
| Title |
Strategic marketing / |
| Statement of responsibility, etc. |
David W. Cravens and Nigel Piercy. |
| 250 ## - EDITION STATEMENT |
| Edition statement |
8th ed. |
| 260 ## - PUBLICATION, DISTRIBUTION, ETC. |
| Place of publication, distribution, etc. |
New Delhi : |
| Name of publisher, distributor, etc. |
Tata McGraw-Hill Education, |
| Date of publication, distribution, etc. |
c2006 [Reprinted 2015]. |
| 300 ## - PHYSICAL DESCRIPTION |
| Extent |
xvii, 726 pages ; |
| Dimensions |
26 cm. |
| 500 ## - GENERAL NOTE |
| General note |
Includes index. |
| 650 ## - SUBJECT ADDED ENTRY--TOPICAL TERM |
| Topical term or geographic name entry element |
Marketing |
| Form subdivision |
Management. |
| 700 ## - ADDED ENTRY--PERSONAL NAME |
| Personal name |
Piercy, Nigel. |
| 942 ## - ADDED ENTRY ELEMENTS (KOHA) |
| Source of classification or shelving scheme |
|
| Koha item type |
Book |